Vplyv autority ako determinant kúpnych rozhodnutí
Posúdenie vplyvu autority v národnej kultúre a jej variabilitu naprieč Európskymi trhmi. Zistenia založené na experimentoch sociálnej psychológie prenesené do oblasti spotrebiteľského správania, ktorého znalosť je v súčasnosti nevyhnutnou podmienkou úspešných marketingových aplikácií. Nákupné správa...
Salvato in:
| Autore principale: | |
|---|---|
| Altri autori: | |
| Natura: | Capitolo di libro |
| Lingua: | slovacco |
| Soggetti: | |
| Tags: |
Nessun Tag, puoi essere il primo ad aggiungerne!!
|
MARC
| LEADER | 00000naa$a2200000$$$4500 | ||
|---|---|---|---|
| 001 | 0269449 | ||
| 005 | 20240502074225.5 | ||
| 041 | 0 | |a slo | |
| 044 | |a SK | ||
| 245 | 1 | 0 | |a Vplyv autority ako determinant kúpnych rozhodnutí |
| 520 | |a Posúdenie vplyvu autority v národnej kultúre a jej variabilitu naprieč Európskymi trhmi. Zistenia založené na experimentoch sociálnej psychológie prenesené do oblasti spotrebiteľského správania, ktorého znalosť je v súčasnosti nevyhnutnou podmienkou úspešných marketingových aplikácií. Nákupné správanie spotrebiteľov. Index COI (Comparative Obediance Index) ako základný nástroj uplatniteľný v procese posudzovania variability vplyvu orgánu na nákupné správanie spotrebiteľov na európskych národných trhoch. Tradičný index Power Distance Index (PDI). | ||
| 610 | 2 | 0 | |a autorita |
| 610 | 2 | 0 | |a trh |
| 610 | 2 | 0 | |a marketing |
| 610 | 2 | 0 | |a správanie spotrebiteľa |
| 610 | 2 | 0 | |a spotrebitelia |
| 610 | 2 | 0 | |a rozhodovanie |
| 100 | 1 | |a Štetka, Peter, 1986- | |
| 700 | 1 | |a Grisáková, Nora, 1978- | |